Name a Valid U.S. State #1 - Statistics

General Stats
  • This quiz has been taken 210,615 times
    210,540 since last reset
  • The average score is 15 of 20
Answer Stats
Name a state ... # Valid States % Correct
that borders Mexico 4 California | New Mexico | Arizona | Texas
99%
that borders Canada 13 Alaska | Washington | Montana | North Dakota | Minnesota | Idaho | Michigan | Ohio | Pennsylvania | New York | Vermont | New Hampshire | Maine
98%
with a Disney theme park 2 California | Florida
98%
that doesn't border any other state 2 Alaska | Hawaii
96%
with a population of at least 20 million 4 California | Texas | Florida | New York
93%
that borders the Great Lakes 8 Illinois | Indiana | Michigan | Minnesota | New York | Ohio | Pennsylvania | Wisconsin
86%
with an X in its name 2 New Mexico | Texas
86%
with 5 or more National Parks 3 Alaska | California | Utah
81%
where > 30% of the population is African-American 3 Mississippi | Louisiana | Georgia
79%
that was once an independent country 3 Hawaii | Texas | Vermont
75%
where > 7% of the population is Native American 5 Alaska | Oklahoma | New Mexico | South Dakota | Montana
71%
whose capital contains the word "city" 4 Missouri | Nevada | Oklahoma | Utah
71%
whose capital touches the Atlantic Ocean 3 Maryland | Massachusetts | Rhode Island
69%
where > 80% of the land is used for farming or ranching 5 Nebraska | South Dakota | North Dakota | Kansas | Iowa
67%
that appears rectangular on a Mercator projection map 2 Colorado | Wyoming
59%
where at least 5 U.S. Presidents were born 3 New York | Ohio | Virginia
59%
that was named for a queen 3 Maryland | Virginia | West Virginia
52%
with an average elevation of 100 feet or less 3 Delaware | Florida | Louisiana
49%
where fewer than 27% of adults are obese 2 Colorado | Hawaii
46%
where > 75% of the land is forested 4 Maine | New Hampshire | West Virginia | Vermont
46%
No matching quizzes found
Score Distribution
Percent of People with Each Score
Percentile by Number Answered
Your Score History
You have not taken this quiz since the last reset